Rastúci význam personálneho manažmentu v kontexte celostného riadenia podnikov počas zmien

Salvato in:
Dettagli Bibliografici
Autore principale: Jamnický, Peter
Natura: Capitolo di libro
Lingua:slovacco
inglese
Tags: Aggiungi Tag
Nessun Tag, puoi essere il primo ad aggiungerne!!

MARC

LEADER 00000nla a2200000 4500
001 0192316
005 20240502073228.5
041 0 |a slo 
041 0 |a eng 
044 |a SK 
245 1 0 |a Rastúci význam personálneho manažmentu v kontexte celostného riadenia podnikov počas zmien  |c Peter Jamnický 
500 |a Abstrakt 
100 1 |a Jamnický, Peter